UBT Library

Nutrition and diet therapy : (Record no. 44513)

000 -LEADER
fixed length control field 00818cam a22002534a 4500
001 - CONTROL NUMBER
control field 13012364
005 - DATE AND TIME OF LATEST TRANSACTION
control field 20180308091412.0
008 - FIXED-LENGTH DATA ELEMENTS--GENERAL INFORMATION
fixed length control field 021125s2003 maua b 001 0 eng
010 ## - LIBRARY OF CONGRESS CONTROL NUMBER
LC control number 2002044443
020 ## - INTERNATIONAL STANDARD BOOK NUMBER
International Standard Book Number 0763701548
020 ## - INTERNATIONAL STANDARD BOOK NUMBER
International Standard Book Number 0763721409 (pbk.)
040 ## - CATALOGING SOURCE
Original cataloging agency DLC
Transcribing agency DLC
Modifying agency DLC
041 ## - LANGUAGE CODE
Language code of text/sound track or separate title eng
042 ## - AUTHENTICATION CODE
Authentication code pcc
080 ## - UNIVERSAL DECIMAL CLASSIFICATION NUMBER
Universal Decimal Classification number 615.854077 STA
082 00 - DEWEY DECIMAL CLASSIFICATION NUMBER
Classification number 615.854077 STA
Edition number 21
100 1# - Rafti
Rafti 10
101 ## - Shkurtesa
Shkurtesa NUT
245 10 - TITLE STATEMENT
Title Nutrition and diet therapy :
Statement of responsibility, etc Peggy S. Stanfield ; with the special assistance of Y.H. Hui.
504 ## - BIBLIOGRAPHY, ETC. NOTE
Bibliography, etc Includes bibliographical references and index.
906 ## - LOCAL DATA ELEMENT F, LDF (RLIN)
a 7
b cbc
c orignew
d 1
e ocip
f 20
g y-gencatlg
942 ## - ADDED ENTRY ELEMENTS (KOHA)
Source of classification or shelving scheme
Item type Books
Holdings
Withdrawn status Lost status Source of classification or shelving scheme Damaged status Not for loan Collection code Permanent location Current location Shelving location Date acquired Total Checkouts Full call number Barcode Date last seen Price effective from Koha item type
          Koleksioni i përgjithshem UBT - Lipjan UBT - Lipjan Koleksioni i përgjithshem 03/08/2018   615.854077 STA 002-3001078 03/08/2018 03/08/2018 Books
UBT Library © 2015-2024. All rights reserved University Education for Business and Technology